| 000 | 01052cam a22002894a 4500 | ||
|---|---|---|---|
| 001 | 13173958 | ||
| 005 | 20260322095339.0 | ||
| 008 | 030423s2003 enk b 001 0 eng | ||
| 010 | _a 2003051552 | ||
| 020 | _a9780521531832 | ||
| 035 | _a13173958 | ||
| 035 | _a(OCoLC)52152973 | ||
| 040 |
_aDLC _cDLC _dJ2H _dC#P _dEL$ _dBAKER _dNLGGC _dYDXCP _dOCLCQ _dLVB _dUBA _dOCLCG _dDLC |
||
| 042 | _apcc | ||
| 082 | _a341 SHA | ||
| 100 | 1 | _aShaw, Malcolm N. | |
| 245 | 1 | 0 |
_aInternational law / _cMalcolm N. Shaw. |
| 250 | _a5th ed. | ||
| 260 |
_aCambridge : _bCambridge University Press, _c2003. |
||
| 300 |
_acxlv, 1288 p. ; _c23 cm. |
||
| 650 | 0 | _aInternational law. | |
| 856 | 4 | 1 |
_3Table of contents _uhttp://www.loc.gov/catdir/toc/cam032/2003051552.html |
| 906 |
_a7 _bcbc _corignew _d1 _eocip _f20 _gy-gencatlg |
||
| 942 |
_2ddc _cBK |
||
| 999 |
_c25188 _d25188 |
||